[Event "San Cristobal op 5th"]
[Site "San Cristobal de La Laguna"]
[Date "2023.08.26"]
[Round "1"]
[White "Garcia Padron, Jose"]
[Black "Perez de la Torre, Jorge"]
[Result "1-0"]
[WhiteElo "2397"]
[BlackElo "1596"]
[PlyCount "39"]
[EventDate "2023.08.26"]
[EventType "swiss"]
[EventRounds "9"]
[EventCountry "ESP"]
[SourceTitle "EXT 2024"]
[Source "ChessBase"]
[SourceDate "2023.10.10"]
[SourceVersion "1"]
[SourceVersionDate "2023.10.10"]
[SourceQuality "1"]

1. e4 c6 2. d4 d5 3. e5 c5 4. dxc5 e6 5. a3 Bxc5 6. b4 Be7 7. Qg4 Bf8 8. Nf3 Nc6 9. Bd3 Qc7 10. Bb2 Nge7 11. 0-0 Ng6 12. Qg3 Bd7 13. Nbd2 0-0-0 14. c4 dxc4 15. Nxc4 Be8 16. Be4 Kb8 17. Rac1 Qd7 18. h4 Ka8 19. b5 Nb8 20. Na5 1-0

[Event "Tenerife-ch Seniors/Women"]
[Site "Santa Cruz de Tenerife"]
[Date "2023.03.29"]
[Round "8.9"]
[White "Aguirre Lorenzo, Luis Francisco"]
[Black "Perez de la Torre, Jorge"]
[Result "1-0"]
[WhiteElo "1829"]
[BlackElo "1589"]
[PlyCount "43"]
[EventDate "2023.03.13"]
[EventType "swiss"]
[EventRounds "9"]
[EventCountry "ESP"]
[SourceTitle "EXT 2024"]
[Source "ChessBase"]
[SourceDate "2023.10.10"]
[SourceVersion "1"]
[SourceVersionDate "2023.10.10"]
[SourceQuality "1"]

1. Nf3 d6 2. d4 Bg4 3. e3 Nd7 4. Be2 Ngf6 5. c4 g6 6. h3 Bxf3 7. Bxf3 c6 8. 0-0 Bg7 9. Nc3 0-0 10. e4 e5 11. Be3 Qc7 12. Qd2 exd4 13. Bxd4 Ne5 14. Be2 Rfe8 15. Rfd1 Rad8 16. Be3 b6 17. Bg5 Re6 18. f4 Ned7 19. Bg4 Ree8 20. Qxd6 Qxd6 21. Rxd6 h5 22. Bxd7 1-0

[Event "Tenerife-chT Segunda"]
[Site "Tenerife"]
[Date "2023.03.04"]
[Round "6.2"]
[White "Portero Rodriguez, Diego"]
[Black "Perez de la Torre, Jorge"]
[Result "0-1"]
[WhiteElo "1391"]
[BlackElo "1589"]
[PlyCount "72"]
[EventDate "2023.01.14"]
[EventType "team-tourn"]
[EventRounds "14"]
[EventCountry "ESP"]
[SourceTitle "EXT 2024"]
[Source "ChessBase"]
[SourceDate "2023.10.10"]
[SourceVersion "1"]
[SourceVersionDate "2023.10.10"]
[SourceQuality "1"]
[WhiteTeam "Santa Ursula Badnor"]
[BlackTeam "Circulo de Amistad XII Enero III"]
[WhiteTeamCountry "ESP"]
[BlackTeamCountry "ESP"]

1. e4 d6 2. d4 Nf6 3. Nc3 c6 4. Be3 Ng4 5. Qd2 Nxe3 6. Qxe3 Qb6 7. Bc4 e6 8. 0-0-0 Be7 9. f4 d5 10. exd5 cxd5 11. Bb3 Nc6 12. Nf3 0-0 13. g4 Na5 14. Nxd5 Nxb3+ 15. axb3 exd5 16. Qxe7 Bxg4 17. Rdf1 Rfe8 18. Qg5 Bxf3 19. Rxf3 Qxd4 20. f5 f6 21. Qg2 Rac8 22. Rg3 Rc7 23. Rg1 Ree7 24. Kb1 Qe4 25. Qxe4 dxe4 26. Re3 Rc5 27. Rge1 Rxf5 28. Rxe4 Rfe5 29. Rxe5 Rxe5 30. Rxe5 fxe5 31. b4 a6 32. c4 Kf7 33. Kc2 e4 34. Kc3 Ke6 35. Kd4 Kf5 36. Ke3 g5 0-1

[Event "Tenerife-chT Primera"]
[Site "Tenerife"]
[Date "2023.02.04"]
[Round "4.4"]
[White "Perez de la Torre, Jorge"]
[Black "Surov, Georgii"]
[Result "1/2-1/2"]
[WhiteElo "1579"]
[BlackElo "1349"]
[PlyCount "36"]
[EventDate "2023.01.14"]
[EventType "team-tourn"]
[EventRounds "14"]
[EventCountry "ESP"]
[SourceTitle "EXT 2024"]
[Source "ChessBase"]
[SourceDate "2023.10.10"]
[SourceVersion "1"]
[SourceVersionDate "2023.10.10"]
[SourceQuality "1"]
[WhiteTeam "Circulo de Amistad XII Enero II"]
[BlackTeam "Fundacion La Caja de Canarias"]
[WhiteTeamCountry "ESP"]
[BlackTeamCountry "ESP"]

1. d4 g6 2. e4 d6 3. Nf3 Nf6 4. Bd3 Bg7 5. c3 0-0 6. Nbd2 e5 7. dxe5 dxe5 8. Nc4 Re8 9. Ncxe5 Nxe4 10. Bxe4 Qxd1+ 11. Kxd1 Bxe5 12. Nxe5 Rxe5 13. Re1 Na6 14. Bf4 Re8 15. b4 c6 16. Kc2 Bd7 17. Rad1 Be6 18. a3 Rad8 1/2-1/2

[Event "Tenerife-chT Segunda 1920"]
[Site "Tenerife"]
[Date "2020.03.07"]
[Round "8.2"]
[White "Gallardo Jimenez, Juan Manuel"]
[Black "Perez de la Torre, Jorge"]
[Result "0-1"]
[WhiteElo "1345"]
[BlackElo "1555"]
[PlyCount "80"]
[EventDate "2019.11.30"]
[EventType "team-tourn"]
[EventRounds "14"]
[EventCountry "ESP"]
[SourceTitle "CBM 195 Extra"]
[Source "ChessBase"]
[SourceDate "2020.05.31"]
[SourceVersion "1"]
[SourceVersionDate "2020.05.31"]
[SourceQuality "1"]
[WhiteTeam "La Victoria 94 II"]
[BlackTeam "Circulo de Amistad XII Enero II"]
[WhiteTeamCountry "ESP"]
[BlackTeamCountry "ESP"]

1. d4 d5 2. b3 Nf6 3. Ba3 c6 4. e3 g6 5. Bd3 Bg7 6. Ne2 0-0 7. 0-0 Re8 8. Bb2 Nbd7 9. Nd2 e5 10. dxe5 Nxe5 11. Rb1 Nxd3 12. cxd3 Qa5 13. a4 Bf5 14. Qc2 Qa6 15. Nc1 Rac8 16. Nf3 c5 17. Nh4 Be6 18. Nf3 Bg4 19. Nd2 c4 20. bxc4 dxc4 21. Nxc4 Be6 22. Qb3 Bxc4 23. dxc4 Rxc4 24. Bxf6 Bxf6 25. Qxb7 Qxa4 26. Ne2 a5 27. Nf4 Bg7 28. Rfd1 Rb4 29. Qd5 Reb8 30. Rbc1 Qb5 31. g3 Qxd5 32. Nxd5 Rb3 33. Rc2 Kf8 34. Ra2 Rb1 35. Rad2 Rxd1+ 36. Rxd1 a4 37. e4 a3 38. f4 Bb2 39. e5 a2 40. Nc7 Kg7 0-1

[Event "Tenerife-chT Primera 1920"]
[Site "Tenerife "]
[Date "2020.02.15"]
[Round "7.3"]
[White "Marrero Martin, Manuel"]
[Black "Perez de la Torre, Jorge"]
[Result "1-0"]
[WhiteElo "1829"]
[BlackElo "1555"]
[PlyCount "69"]
[EventDate "2019.11.30"]
[EventType "team-tourn"]
[EventRounds "14"]
[EventCountry "ESP"]
[SourceTitle "CBM 195 Extra"]
[Source "ChessBase"]
[SourceDate "2020.05.31"]
[SourceVersion "1"]
[SourceVersionDate "2020.05.31"]
[SourceQuality "1"]
[WhiteTeam "El Sauzal Libreria Barco II"]
[BlackTeam "Circulo de Amistad XII Enero"]
[WhiteTeamCountry "ESP"]
[BlackTeamCountry "ESP"]

1. c4 c6 2. g3 d5 3. Bg2 Bf5 4. cxd5 cxd5 5. Qb3 e6 6. Qxb7 Nd7 7. Nf3 Ngf6 8. Qb3 Bd6 9. 0-0 0-0 10. d3 Rb8 11. Qd1 Qa5 12. Nd4 Rfc8 13. Nxf5 exf5 14. Nd2 Nc5 15. Nf3 Nb3 16. Bf4 Nxa1 17. Bxd6 Rb6 18. Be5 Nc2 19. Nd4 Nxd4 20. Bxd4 Rbc6 21. Qb3 Qd2 22. Bf3 Rc1 23. Bc3 Rxf1+ 24. Kxf1 Qc1+ 25. Kg2 Qg5 26. Qb7 Re8 27. Qc6 Rd8 28. Qc7 Re8 29. Qc6 Rd8 30. Ba5 Rf8 31. Bc3 h5 32. h4 Qg6 33. Bxf6 Qxf6 34. Qxf6 gxf6 35. Bxd5 1-0

[Event "Tenerife-chT Segunda-A 1819"]
[Site "Tenerife"]
[Date "2019.02.09"]
[Round "7.1"]
[White "Delgado Delgado, Jose Miguel"]
[Black "Perez de la Torre, Jorge"]
[Result "1-0"]
[WhiteElo "1834"]
[BlackElo "1554"]
[PlyCount "61"]
[EventDate "2018.11.24"]
[EventType "team-tourn"]
[EventRounds "14"]
[EventCountry "ESP"]
[SourceTitle "CBM 189 Extra"]
[Source "ChessBase"]
[SourceDate "2019.06.03"]
[SourceVersion "1"]
[SourceVersionDate "2019.06.03"]
[SourceQuality "1"]
[WhiteTeam "Playa San Juan"]
[BlackTeam "El Recreo"]
[WhiteTeamCountry "ESP"]
[BlackTeamCountry "ESP"]

1. c4 d6 2. Nf3 e5 3. Nc3 f5 4. g3 Nf6 5. Bg2 Be7 6. 0-0 0-0 7. d3 Qe8 8. Qb3 Kh8 9. Nd5 Nxd5 10. cxd5 Qh5 11. Qc4 Bd8 12. Qb4 Nd7 13. Be3 Nf6 14. Nxe5 Re8 15. Bf3 Nxd5 16. Bxh5 Nxb4 17. Bxe8 dxe5 18. Rfc1 Be6 19. a3 Nd5 20. Bd2 c6 21. Bh5 Bf6 22. e4 Nb6 23. Be2 Rd8 24. Ba5 Rd4 25. Bc3 Rd8 26. f4 Na4 27. Bxe5 Bxe5 28. fxe5 Nxb2 29. Rab1 Nxd3 30. Bxd3 Rxd3 31. exf5 1-0

[Event "Tenerife-chT Segunda-A 1819"]
[Site "Tenerife"]
[Date "2019.01.19"]
[Round "5.3"]
[White "Beltran Lara, Elena"]
[Black "Perez de la Torre, Jorge"]
[Result "0-1"]
[WhiteElo "1103"]
[BlackElo "1554"]
[PlyCount "86"]
[EventDate "2018.11.24"]
[EventType "team-tourn"]
[EventRounds "14"]
[EventCountry "ESP"]
[SourceTitle "CBM 189 Extra"]
[Source "ChessBase"]
[SourceDate "2019.06.03"]
[SourceVersion "1"]
[SourceVersionDate "2019.06.03"]
[SourceQuality "1"]
[WhiteTeam "Laguna Cotolec"]
[BlackTeam "El Recreo"]
[WhiteTeamCountry "ESP"]
[BlackTeamCountry "ESP"]

1. e4 c5 2. Nf3 g6 3. d4 cxd4 4. Nxd4 Bg7 5. Nc3 Nc6 6. Nf3 Nf6 7. Bb5 0-0 8. 0-0 Qa5 9. Re1 d6 10. h3 a6 11. Ba4 b5 12. Bb3 Bb7 13. Qd3 Rac8 14. Bd2 Qc7 15. a4 b4 16. Ne2 a5 17. Ng3 Nd7 18. c3 Nc5 19. Qc2 Nxb3 20. Qxb3 bxc3 21. Bxc3 Bxc3 22. Qxc3 Qb6 23. Rab1 Nb4 24. Qb3 Rc2 25. Rf1 Ba6 26. Rbc1 Rfc8 27. Rxc2 Rxc2 28. Qe3 Qxe3 29. fxe3 Bxf1 30. Kxf1 Rxb2 31. Ne2 Rb3 32. Kf2 Ra3 33. Nc1 Nd3+ 34. Nxd3 Rxd3 35. Nd4 Ra3 36. Nc6 Rxa4 37. Nxe7+ Kf8 38. Nc8 Rxe4 39. Nxd6 Rb4 40. Kf3 a4 41. Ne4 a3 42. Nc3 Rb2 43. Na4 Rc2 0-1

[Event "Tenerife-chT Segunda 1718"]
[Site "Tenerife"]
[Date "2018.03.10"]
[Round "12.3"]
[White "Hernandez Gutierrez, Acoraide"]
[Black "Perez de la Torre, Jorge"]
[Result "1/2-1/2"]
[WhiteElo "1277"]
[BlackElo "1580"]
[PlyCount "28"]
[EventDate "2017.11.11"]
[EventType "team-tourn"]
[EventRounds "14"]
[EventCountry "ESP"]
[SourceTitle "EXT 2019"]
[Source "ChessBase"]
[SourceDate "2018.10.10"]
[SourceVersion "1"]
[SourceVersionDate "2018.10.10"]
[SourceQuality "1"]
[WhiteTeam "Playa San Juan"]
[BlackTeam "Circulo de Amistad XII Enero"]
[WhiteTeamCountry "ESP"]
[BlackTeamCountry "ESP"]

1. d4 d6 2. Bf4 g6 3. e3 Bg7 4. Nf3 Nd7 5. Be2 e5 6. Bg3 Nh6 7. h3 0-0 8. 0-0 Nf5 9. Bh2 e4 10. Nfd2 Re8 11. c4 b6 12. Nc3 Nf6 13. a3 a6 14. b4 Bh6 1/2-1/2

[Event "Tenerife-chT Segunda 1718"]
[Site "Tenerife"]
[Date "2018.01.27"]
[Round "8.1"]
[White "Perez Garcia, Jimena"]
[Black "Perez de la Torre, Jorge"]
[Result "1-0"]
[WhiteElo "1536"]
[BlackElo "1580"]
[PlyCount "49"]
[EventDate "2017.11.11"]
[EventType "team-tourn"]
[EventRounds "14"]
[EventCountry "ESP"]
[SourceTitle "EXT 2019"]
[Source "ChessBase"]
[SourceDate "2018.10.10"]
[SourceVersion "1"]
[SourceVersionDate "2018.10.10"]
[SourceQuality "1"]
[WhiteTeam "Ebano Casa Venezuela"]
[BlackTeam "Circulo de Amistad XII Enero"]
[WhiteTeamCountry "ESP"]
[BlackTeamCountry "ESP"]

1. d4 Nf6 2. c4 d6 3. Nc3 Bf5 4. f3 e5 5. d5 c6 6. e4 Bd7 7. Be3 cxd5 8. cxd5 Qa5 9. Bd3 Na6 10. a3 Nc5 11. Bc2 Qc7 12. Nge2 a5 13. Rc1 b6 14. Ba4 Bxa4 15. Nxa4 Qb7 16. Nec3 Be7 17. b4 axb4 18. axb4 Nxa4 19. Nxa4 b5 20. Nb6 Ra3 21. Rc8+ Bd8 22. Qc1 Rb3 23. Qc6+ Qxc6 24. dxc6 Rc3 25. Kd2 1-0

[Event "Tenerife-chT Segunda 1617"]
[Site "Tenerife"]
[Date "2017.01.28"]
[Round "5.3"]
[White "Perez de la Torre, Jorge"]
[Black "Gonzalez Abreu, Pablo"]
[Result "1-0"]
[WhiteElo "1607"]
[BlackElo "1623"]
[PlyCount "105"]
[EventDate "2016.12.10"]
[EventType "team-tourn"]
[EventRounds "15"]
[EventCountry "ESP"]
[SourceTitle "CBM 176 Extra"]
[Source "ChessBase"]
[SourceDate "2017.03.02"]
[SourceVersion "1"]
[SourceVersionDate "2017.03.02"]
[SourceQuality "1"]
[WhiteTeam "Circulo de Amistad II"]
[BlackTeam "Al Shah Mat Los Realejos II"]
[WhiteTeamCountry "ESP"]
[BlackTeamCountry "ESP"]

1. d4 d5 2. Nf3 Nf6 3. e3 e6 4. Bd3 Bd6 5. Nbd2 c5 6. c3 Nc6 7. 0-0 0-0 8. dxc5 Bxc5 9. b4 Bd6 10. Bb2 e5 11. e4 Bg4 12. exd5 Nxd5 13. Be4 Nf6 14. Bxc6 bxc6 15. Qa4 c5 16. bxc5 Bxc5 17. h3 Bf5 18. Nb3 Qc7 19. Nxc5 Qxc5 20. Ba3 Qxc3 21. Bxf8 Rxf8 22. Rac1 Qb2 23. Qxa7 Bd3 24. Rfe1 e4 25. Nh2 Nd5 26. Ng4 Nc3 27. Ra1 Ne2+ 28. Kh1 Nd4 29. Ne5 Nc2 30. Nxd3 exd3 31. Rab1 Qc3 32. Red1 d2 33. Rb8 g6 34. Rxf8+ Kxf8 35. Qd7 Nd4 36. Qd6+ Kg8 37. Qf4 Nf5 38. Qxd2 Qc6 39. Rc1 Qb7 40. Qc3 Qb6 41. Qc5 Qa6 42. Qc8+ Qxc8 43. Rxc8+ Kg7 44. a4 Nd6 45. Rc6 Nb7 46. Rb6 Nc5 47. a5 Na4 48. Rb4 Nc5 49. Rb5 Na6 50. Rb6 Nc7 51. a6 Na8 52. Rb8 Nc7 53. a7 1-0

[Event "Tenerife-chT Segunda 1617"]
[Site "Tenerife"]
[Date "2017.01.14"]
[Round "3.4"]
[White "Barbero Alsina, Hugo"]
[Black "Perez de la Torre, Jorge"]
[Result "0-1"]
[WhiteElo "1222"]
[BlackElo "1607"]
[PlyCount "70"]
[EventDate "2016.12.10"]
[EventType "team-tourn"]
[EventRounds "15"]
[EventCountry "ESP"]
[SourceTitle "CBM 176 Extra"]
[Source "ChessBase"]
[SourceDate "2017.03.02"]
[SourceVersion "1"]
[SourceVersionDate "2017.03.02"]
[SourceQuality "1"]
[WhiteTeam "Cajacanarias II"]
[BlackTeam "Circulo de Amistad II"]
[WhiteTeamCountry "ESP"]
[BlackTeamCountry "ESP"]

1. Nf3 c5 2. e4 Nc6 3. Nc3 g6 4. g3 Bg7 5. Bg2 d6 6. 0-0 Nf6 7. d3 0-0 8. Be3 Rb8 9. Qd2 Ng4 10. Bg5 h6 11. Bf4 g5 12. Be3 b5 13. Nd5 e6 14. Nc3 Nxe3 15. Qxe3 b4 16. Nd1 a5 17. c3 bxc3 18. bxc3 Ba6 19. Qd2 a4 20. Ne3 Qa5 21. Rac1 a3 22. Rfd1 Rb2 23. Qe1 Rxa2 24. d4 cxd4 25. cxd4 Qxe1+ 26. Rxe1 Nxd4 27. Nxd4 Bxd4 28. Red1 Bc5 29. Ra1 Rxa1 30. Rxa1 Rb8 31. Nc2 a2 32. Rxa2 Rb1+ 33. Bf1 Bxf1 34. Ne3 Bh3+ 35. Nf1 Rxf1# 0-1

[Event "Tenerife-chT Segunda 1617"]
[Site "Tenerife"]
[Date "2016.12.10"]
[Round "1.3"]
[White "Perez de la Torre, Jorge"]
[Black "Merino Martin, Roberto"]
[Result "1-0"]
[WhiteElo "1607"]
[BlackElo "1935"]
[PlyCount "41"]
[EventDate "2016.12.10"]
[EventType "team-tourn"]
[EventRounds "15"]
[EventCountry "ESP"]
[SourceTitle "CBM 176 Extra"]
[Source "ChessBase"]
[SourceDate "2017.03.02"]
[SourceVersion "1"]
[SourceVersionDate "2017.03.02"]
[SourceQuality "1"]
[WhiteTeam "Circulo de Amistad II"]
[BlackTeam "Circulo de Amistad III"]
[WhiteTeamCountry "ESP"]
[BlackTeamCountry "ESP"]

1. d4 d5 2. Nf3 e6 3. Bf4 c5 4. c3 Nc6 5. e3 c4 6. Nbd2 Bd6 7. Bxd6 Qxd6 8. b3 b5 9. a4 Ba6 10. axb5 Bxb5 11. bxc4 Bxc4 12. Nxc4 dxc4 13. Bxc4 Nf6 14. 0-0 0-0 15. Ra6 Qc7 16. Qa4 Rfc8 17. Bb5 Ne7 18. c4 Ne4 19. Qa3 g6 20. Ra1 Nd6 21. Rxd6 1-0

[Event "Santa Cruz CajaCanarias op"]
[Site "Santa Cruz"]
[Date "2016.05.16"]
[Round "7"]
[White "Perez de la Torre, Jorge"]
[Black "Paredes Zubeldia, Marisol"]
[Result "1-0"]
[WhiteElo "1602"]
[BlackElo "1198"]
[PlyCount "69"]
[EventDate "2016.04.27"]
[EventType "swiss"]
[EventRounds "9"]
[EventCountry "ESP"]
[SourceTitle "CBM 172 Extra"]
[Source "ChessBase"]
[SourceDate "2016.06.21"]
[SourceVersion "1"]
[SourceVersionDate "2016.06.21"]
[SourceQuality "1"]

1. e4 e5 2. Nf3 Nc6 3. Bb5 d6 4. c3 Bg4 5. d3 Qd7 6. 0-0 a6 7. Ba4 b5 8. Bb3 Nf6 9. Nbd2 Be7 10. Re1 b4 11. Nf1 0-0 12. h3 Bxh3 13. gxh3 Qxh3 14. N3h2 h5 15. Re3 Qh4 16. Rg3 Ng4 17. Nxg4 hxg4 18. Qxg4 Qxg4 19. Rxg4 Bf6 20. Ne3 Ne7 21. cxb4 g6 22. Nd5 Kg7 23. Nxf6 Kxf6 24. Bg5+ Kg7 25. Bxe7 Rh8 26. Bh4 Rh7 27. Kg2 Rah8 28. Bg3 Rh5 29. f4 Kf8 30. fxe5 dxe5 31. Rc1 R8h7 32. Rxc7 g5 33. Bxe5 f6 34. Rxh7 Rxh7 35. Bxf6 1-0

[Event "Santa Cruz CajaCanarias op"]
[Site "Santa Cruz"]
[Date "2016.05.06"]
[Round "4"]
[White "Febles Dominguez, Alfonso Jesus"]
[Black "Perez de la Torre, Jorge"]
[Result "1-0"]
[WhiteElo "1341"]
[BlackElo "1602"]
[PlyCount "147"]
[EventDate "2016.04.27"]
[EventType "swiss"]
[EventRounds "9"]
[EventCountry "ESP"]
[SourceTitle "CBM 172 Extra"]
[Source "ChessBase"]
[SourceDate "2016.06.21"]
[SourceVersion "1"]
[SourceVersionDate "2016.06.21"]
[SourceQuality "1"]

1. c4 b6 2. Nf3 Nf6 3. Nc3 c5 4. d3 e6 5. g3 Bb7 6. Bg2 Be7 7. 0-0 d6 8. Nd2 Bxg2 9. Kxg2 Nbd7 10. e3 0-0 11. f3 a6 12. b3 Qc7 13. Bb2 Qc6 14. Nce4 d5 15. Nxf6+ Nxf6 16. e4 Rad8 17. Qc2 Rfe8 18. Kg1 Qd7 19. Rad1 Qc7 20. Rf2 d4 21. Nf1 Nd7 22. Qe2 Ne5 23. f4 Nc6 24. Qg4 Bf8 25. h4 Qd7 26. h5 f5 27. Qf3 Kh8 28. Rdd2 Ne7 29. Rh2 Ng8 30. Rdg2 Nh6 31. Bc1 Ng4 32. Rh3 e5 33. Nh2 Nf6 34. g4 fxe4 35. dxe4 exf4 36. Re2 d3 37. Rd2 Nxe4 38. Rxd3 Ng5 39. Rxd7 Nxf3+ 40. Rxf3 Rxd7 41. Bxf4 Rf7 42. Kg2 Re2+ 43. Kg3 Rxa2 44. g5 Kg8 45. Ng4 Be7 46. Ne5 Rf8 47. g6 Bd6 48. Re3 Ra1 49. Nf7 Bxf4+ 50. Kxf4 Rf1+ 51. Kg4 hxg6 52. hxg6 Rg1+ 53. Kf5 Rf1+ 54. Kg4 Rf6 55. Ne5 Rf4+ 56. Kg3 b5 57. Nd7 bxc4 58. Nxf8 Rxf8 59. bxc4 a5 60. Ra3 Ra8 61. Kf4 Kf8 62. Ke5 Ke7 63. Kd5 Kf6 64. Rg3 a4 65. Kxc5 a3 66. Rg1 a2 67. Ra1 Kxg6 68. Kb6 Kf5 69. c5 Ke6 70. c6 Ra3 71. c7 Rb3+ 72. Kc6 Rc3+ 73. Kb7 Kd7 74. Rd1+ 1-0

[Event "Santa Cruz CajaCanarias op"]
[Site "Santa Cruz"]
[Date "2016.05.04"]
[Round "3"]
[White "Perez de la Torre, Jorge"]
[Black "Lopez Pereyra, Antonio"]
[Result "0-1"]
[WhiteElo "1602"]
[BlackElo "2112"]
[PlyCount "90"]
[EventDate "2016.04.27"]
[EventType "swiss"]
[EventRounds "9"]
[EventCountry "ESP"]
[SourceTitle "CBM 172 Extra"]
[Source "ChessBase"]
[SourceDate "2016.06.21"]
[SourceVersion "1"]
[SourceVersionDate "2016.06.21"]
[SourceQuality "1"]

1. d4 Nf6 2. Nf3 e6 3. Bf4 c5 4. c3 b6 5. e3 Bb7 6. Bd3 Be7 7. h3 0-0 8. 0-0 d6 9. Nbd2 Nbd7 10. Qe2 Qc7 11. Bh2 Rfe8 12. e4 e5 13. dxe5 dxe5 14. Rfd1 Bf8 15. a4 g6 16. a5 Nh5 17. Bb5 Bc6 18. Bxc6 Qxc6 19. Nc4 Nf4 20. Qc2 Qe6 21. Ne3 Nf6 22. Bxf4 exf4 23. Nd5 Nxd5 24. exd5 Qf6 25. c4 Bd6 26. Kf1 h5 27. Nd2 Be5 28. Ne4 Qh4 29. Nd2 Qf6 30. Ne4 Qf5 31. f3 g5 32. Qf2 Kg7 33. d6 g4 34. h4 g3 35. Qd2 Bd4 36. axb6 axb6 37. Rxa8 Rxa8 38. d7 Rd8 39. Nd6 Qxd7 40. Nb5 Qf5 41. Qe2 Qf6 42. Qe4 Qxh4 43. Nxd4 Qh1+ 44. Ke2 Qxg2+ 45. Ke1 Qf2# 0-1

[Event "Santa Cruz CajaCanarias op"]
[Site "Santa Cruz"]
[Date "2016.04.29"]
[Round "2"]
[White "Kraus, Oliver"]
[Black "Perez de la Torre, Jorge"]
[Result "1/2-1/2"]
[WhiteElo "1996"]
[BlackElo "1602"]
[PlyCount "46"]
[EventDate "2016.04.27"]
[EventType "swiss"]
[EventRounds "9"]
[EventCountry "ESP"]
[SourceTitle "CBM 172 Extra"]
[Source "ChessBase"]
[SourceDate "2016.06.21"]
[SourceVersion "1"]
[SourceVersionDate "2016.06.21"]
[SourceQuality "1"]

1. d4 d6 2. Nf3 Bg4 3. e4 Nf6 4. Nc3 c6 5. h3 Bh5 6. Qe2 e6 7. g4 Bg6 8. h4 h5 9. g5 Nfd7 10. Bh3 d5 11. exd5 cxd5 12. Nxd5 Qa5+ 13. Nc3 Be7 14. 0-0 0-0 15. d5 e5 16. Nxe5 Nxe5 17. Qxe5 Re8 18. Bf4 Na6 19. Bd7 Bf6 20. Qd6 Be7 21. Qe5 Bf6 22. Qd6 Be7 23. Qe5 Bf6 1/2-1/2

[Event "Tenerife-ch"]
[Site "Santa Cruz de Tenerife"]
[Date "2016.04.18"]
[Round "8.9"]
[White "Perez de la Torre, Jorge"]
[Black "Rodriguez Redondo, Adhara"]
[Result "1/2-1/2"]
[WhiteElo "1602"]
[BlackElo "1741"]
[PlyCount "70"]
[EventDate "2016.04.01"]
[EventType "swiss"]
[EventRounds "9"]
[EventCountry "ESP"]
[SourceTitle "EXT 2024"]
[Source "ChessBase"]
[SourceDate "2023.10.10"]
[SourceVersion "1"]
[SourceVersionDate "2023.10.10"]
[SourceQuality "1"]

1. d4 d5 2. Nf3 e6 3. Bf4 Nf6 4. e3 Be7 5. h3 Nbd7 6. Nbd2 0-0 7. Bd3 c5 8. c3 b6 9. 0-0 Bb7 10. Qe2 Rc8 11. Rfd1 c4 12. Bc2 b5 13. Ne5 a5 14. e4 Re8 15. Nxd7 Nxd7 16. e5 Nf8 17. Qg4 Bc6 18. Nf3 b4 19. h4 Kh8 20. Qh5 Ng6 21. Bg5 Rb8 22. Bxe7 Rxe7 23. Ng5 Qg8 24. g3 bxc3 25. bxc3 Be8 26. Qg4 f6 27. exf6 gxf6 28. Nf3 Rg7 29. h5 Ne5 30. Qf4 Nd7 31. Qh4 Rg4 32. Qh3 f5 33. Rab1 Rxb1 34. Rxb1 Qf7 35. Rb7 Qf6 1/2-1/2